| 000 | 00344 a2200133 4500 | ||
|---|---|---|---|
| 999 |
_c12617 _d12617 |
||
| 003 | OSt | ||
| 005 | 20240517163532.0 | ||
| 008 | 240517b ||||| |||| 00| 0 eng d | ||
| 020 | _a978-3659775659 | ||
| 082 | _a307.1216 | ||
| 100 | _aKanad Pankaj | ||
| 245 | _aRenewal for Smart Cities: A Study on Inner-City Area of Bhopal, India | ||
| 942 | _2ddc | ||